[Event "Osijek-Baranja CupT 11th"]
[Site "Nasice"]
[Date "2018.02.18"]
[Round "5.4"]
[White "Mican, Mato"]
[Black "Grguric, Damir"]
[Result "1/2-1/2"]
[WhiteElo "1938"]
[BlackElo "1978"]
[PlyCount "45"]
[EventDate "2018.02.16"]
[EventType "team-swiss"]
[EventRounds "5"]
[EventCountry "CRO"]
[SourceTitle "EXT 2023"]
[Source "ChessBase"]
[SourceDate "2022.10.05"]
[SourceVersion "1"]
[SourceVersionDate "2022.10.05"]
[SourceQuality "1"]
[WhiteTeam "Djakovo II"]
[BlackTeam "Osijek Dragovoljac"]
[WhiteTeamCountry "CRO"]
[BlackTeamCountry "CRO"]

1. e4 c5 2. Nc3 a6 3. g3 Nc6 4. Bg2 d6 5. Nge2 g6 6. d3 Bg7 7. 0-0 h5 8. f4 h4 9. f5 hxg3 10. hxg3 gxf5 11. exf5 Nh6 12. Be4 e6 13. fxe6 Bxe6 14. Nf4 Qg5 15. Kg2 Nf5 16. Qe1 Qg4 17. Bxc6+ bxc6 18. Nxe6 Qh3+ 19. Kf3 Qh5+ 20. Kf2 Qh2+ 21. Kf3 Qh5+ 22. Kf2 Qh2+ 23. Kf3 1/2-1/2

[Event "Bosnjaci op 23rd"]
[Site "Bosnjaci"]
[Date "2018.01.09"]
[Round "9"]
[White "Mican, Mato"]
[Black "Jelecevic, Ivo"]
[Result "1-0"]
[WhiteElo "1938"]
[BlackElo "2102"]
[PlyCount "57"]
[EventDate "2018.01.03"]
[EventType "swiss"]
[EventRounds "9"]
[EventCountry "CRO"]
[SourceTitle "CBM 182 Extra"]
[Source "ChessBase"]
[SourceDate "2018.02.23"]
[SourceVersion "1"]
[SourceVersionDate "2018.02.23"]
[SourceQuality "1"]

1. e4 c5 2. Nc3 a6 3. g3 b5 4. Bg2 Bb7 5. Nge2 e6 6. 0-0 b4 7. Na4 Nf6 8. d3 d6 9. b3 Nbd7 10. Bb2 Qc7 11. f4 Be7 12. h3 0-0 13. g4 Ne8 14. Ng3 Bc6 15. g5 f5 16. exf5 exf5 17. Bxc6 Qxc6 18. Qe2 Rf7 19. Nxf5 Bf8 20. Qg4 d5 21. Rae1 Nc7 22. Bxg7 Bxg7 23. Ne7+ Rxe7 24. Rxe7 Nf8 25. f5 Bd4+ 26. Kg2 Nb5 27. Qh5 Nd6 28. f6 c4 29. Qh6 1-0

[Event "Bosnjaci op 23rd"]
[Site "Bosnjaci"]
[Date "2018.01.07"]
[Round "7"]
[White "Mican, Mato"]
[Black "Cabarkapa, Novak"]
[Result "1/2-1/2"]
[WhiteElo "1938"]
[BlackElo "2441"]
[PlyCount "61"]
[EventDate "2018.01.03"]
[EventType "swiss"]
[EventRounds "9"]
[EventCountry "CRO"]
[SourceTitle "CBM 182 Extra"]
[Source "ChessBase"]
[SourceDate "2018.02.23"]
[SourceVersion "1"]
[SourceVersionDate "2018.02.23"]
[SourceQuality "1"]

1. e4 d5 2. exd5 Qxd5 3. Nc3 Qd6 4. d4 Nf6 5. Nf3 c6 6. Bd3 Bg4 7. Be3 e6 8. h3 Bh5 9. Be2 Qc7 10. Ne5 Bxe2 11. Qxe2 Bb4 12. 0-0 Bxc3 13. bxc3 Nbd7 14. Bd2 Nxe5 15. dxe5 Nd7 16. f4 Qa5 17. c4 Qa4 18. Be3 0-0-0 19. Rfb1 b6 20. a3 c5 21. Rd1 g6 22. Bf2 Nb8 23. Bh4 Rxd1+ 24. Rxd1 Qxa3 25. Qe4 Qa6 26. Rd6 Qb7 27. Qd3 Nc6 28. c3 a5 29. Qe4 Nb8 30. Qd3 Qc7 31. Qb1 1/2-1/2

[Event "Bosnjaci op 23rd"]
[Site "Bosnjaci"]
[Date "2018.01.04"]
[Round "2"]
[White "Petrusic, Toni"]
[Black "Mican, Mato"]
[Result "1/2-1/2"]
[WhiteElo "2278"]
[BlackElo "1938"]
[PlyCount "51"]
[EventDate "2018.01.03"]
[EventType "swiss"]
[EventRounds "9"]
[EventCountry "CRO"]
[SourceTitle "CBM 182 Extra"]
[Source "ChessBase"]
[SourceDate "2018.02.23"]
[SourceVersion "1"]
[SourceVersionDate "2018.02.23"]
[SourceQuality "1"]

1. e4 e5 2. Bc4 Nf6 3. d3 Nc6 4. Nc3 Bb4 5. Nge2 d5 6. exd5 Nxd5 7. Bd2 Be6 8. 0-0 Nxc3 9. bxc3 Bxc4 10. cxb4 Be6 11. f4 Qd7 12. Bc3 f6 13. fxe5 Nxe5 14. Qd2 Qd6 15. Nf4 0-0 16. Qe3 Bf7 17. Rae1 Rfe8 18. a3 Nc4 19. Qf2 Nxa3 20. Rxe8+ Rxe8 21. Bb2 Qxb4 22. c4 Nxc4 23. dxc4 Bxc4 24. Rc1 a5 25. Qd4 Re1+ 26. Kf2 1/2-1/2

[Event "CRO-ch U17"]
[Site "Vinkovci"]
[Date "2016.07.31"]
[Round "9"]
[White "Mican, Mato"]
[Black "Sculac, Zvonimir"]
[Result "1/2-1/2"]
[WhiteElo "1901"]
[BlackElo "1736"]
[PlyCount "40"]
[EventDate "2016.07.25"]
[EventType "swiss"]
[EventRounds "9"]
[EventCountry "CRO"]
[SourceTitle "CBM 173 Extra"]
[Source "ChessBase"]
[SourceDate "2016.08.29"]
[SourceVersion "1"]
[SourceVersionDate "2016.08.29"]
[SourceQuality "1"]

1. e4 c5 2. Nc3 d6 3. f4 Nc6 4. Nf3 Bg4 5. Bb5 Nf6 6. h3 Bd7 7. 0-0 e6 8. d3 Be7 9. Qe1 Qc7 10. a3 Nd4 11. Bxd7+ Nxd7 12. Qf2 Bf6 13. Be3 Nxf3+ 14. Qxf3 Bd4 15. Qf2 Bxe3 16. Qxe3 0-0 17. Rae1 a6 18. f5 Rae8 19. Qg3 Kh8 20. h4 Nf6 1/2-1/2

[Event "CRO-ch U17"]
[Site "Vinkovci"]
[Date "2016.07.28"]
[Round "5"]
[White "Mican, Mato"]
[Black "Safar, Sandro"]
[Result "0-1"]
[WhiteElo "1901"]
[BlackElo "2025"]
[PlyCount "88"]
[EventDate "2016.07.25"]
[EventType "swiss"]
[EventRounds "9"]
[EventCountry "CRO"]
[SourceTitle "CBM 173 Extra"]
[Source "ChessBase"]
[SourceDate "2016.08.29"]
[SourceVersion "1"]
[SourceVersionDate "2016.08.29"]
[SourceQuality "1"]

1. e4 c5 2. Nf3 Nc6 3. d4 cxd4 4. Nxd4 g6 5. Nc3 Bg7 6. Be3 Nf6 7. f3 d6 8. Qd2 0-0 9. g4 a6 10. h4 Ne5 11. 0-0-0 Re8 12. h5 b5 13. a3 Bd7 14. hxg6 fxg6 15. Bh6 Bh8 16. Qh2 Nf7 17. Be3 e6 18. Nde2 Rc8 19. Ng3 Rxc3 20. bxc3 Qa5 21. g5 Qxc3 22. Bd4 Qxa3+ 23. Bb2 Qe3+ 24. Kb1 Qxg5 25. Be2 Rc8 26. Rdg1 Qd2 27. Bd3 Qb4 28. Kc1 a5 29. Bxf6 Bxf6 30. Qxh7+ Kf8 31. Kd1 Bg5 32. Rg2 Qb1+ 33. Ke2 Rxc2+ 34. Bxc2 Qxc2+ 35. Kf1 Qc1+ 36. Ke2 Qe3+ 37. Kf1 b4 38. Qxg6 Bb5+ 39. Ne2 Qc1+ 40. Kf2 Qxh1 41. f4 Bxe2 42. fxg5 Bf3 43. Rg1 Qh2+ 44. Kxf3 Ne5+ 0-1

[Event "CRO-ch U17"]
[Site "Vinkovci"]
[Date "2016.07.27"]
[Round "4"]
[White "Petrovic, David"]
[Black "Mican, Mato"]
[Result "0-1"]
[WhiteElo "1594"]
[BlackElo "1901"]
[PlyCount "80"]
[EventDate "2016.07.25"]
[EventType "swiss"]
[EventRounds "9"]
[EventCountry "CRO"]
[SourceTitle "CBM 173 Extra"]
[Source "ChessBase"]
[SourceDate "2016.08.29"]
[SourceVersion "1"]
[SourceVersionDate "2016.08.29"]
[SourceQuality "1"]

1. e4 e5 2. Nf3 Nc6 3. Bc4 Bc5 4. d3 Nf6 5. Be3 Bb6 6. Nc3 d6 7. 0-0 Bg4 8. h3 Bh5 9. Nd5 Nxd5 10. Bxd5 0-0 11. c3 h6 12. g4 Bg6 13. Qd2 Kh7 14. Kh2 Qe7 15. h4 f6 16. h5 Bf7 17. Nh4 Qd7 18. Bxf7 Rxf7 19. Nf5 Bxe3 20. Qxe3 d5 21. exd5 Qxd5 22. c4 Qd7 23. Qe4 Kh8 24. Rad1 Rd8 25. f4 exf4 26. Rxf4 Re8 27. Qf3 Ne5 28. Qf1 Qa4 29. Re4 Qc2+ 30. Kh1 Rd8 31. Re2 Qa4 32. Nh4 Qc6+ 33. Ng2 Rfd7 34. Red2 Rd4 35. b4 Nxg4 36. b5 Qd6 37. Nh4 Ne3 38. Qg1 Rxh4+ 39. Rh2 Rxh2+ 40. Qxh2 Qxh2+ 0-1

[Event "CRO-ch U15"]
[Site "Trogir"]
[Date "2016.06.23"]
[Round "5"]
[White "Mican, Mato"]
[Black "Simunic, Krunoslav"]
[Result "1/2-1/2"]
[WhiteElo "1967"]
[BlackElo "1764"]
[PlyCount "45"]
[EventDate "2016.06.21"]
[EventType "swiss"]
[EventRounds "9"]
[EventCountry "CRO"]
[SourceTitle "EXT 2017"]
[Source "ChessBase"]
[SourceDate "2016.10.25"]
[SourceVersion "1"]
[SourceVersionDate "2016.10.25"]
[SourceQuality "1"]

1. e4 e6 2. d4 d5 3. Nc3 Nf6 4. Bg5 dxe4 5. Nxe4 Be7 6. Bxf6 Bxf6 7. Nxf6+ Qxf6 8. c3 0-0 9. Qf3 Nd7 10. Bd3 Qxf3 11. Nxf3 c5 12. 0-0-0 cxd4 13. Nxd4 Nf6 14. f3 Bd7 15. Rd2 Rfd8 16. Rhd1 Kf8 17. Bc4 Rac8 18. Bb3 Ke7 19. h4 h5 20. Re1 g6 21. Red1 Be8 22. Re1 Rd6 23. Rde2 1/2-1/2

[Event "CRO-ch U15"]
[Site "Trogir"]
[Date "2016.06.21"]
[Round "1"]
[White "Mican, Mato"]
[Black "Simic, Pavo"]
[Result "1-0"]
[WhiteElo "1967"]
[BlackElo "1529"]
[PlyCount "119"]
[EventDate "2016.06.21"]
[EventType "swiss"]
[EventRounds "9"]
[EventCountry "CRO"]
[SourceTitle "EXT 2017"]
[Source "ChessBase"]
[SourceDate "2016.10.25"]
[SourceVersion "1"]
[SourceVersionDate "2016.10.25"]
[SourceQuality "1"]

1. e4 e5 2. Nf3 Nc6 3. Bc4 Nf6 4. d3 Bc5 5. c3 0-0 6. Bg5 d6 7. 0-0 Be6 8. Bb5 Bg4 9. h3 Bd7 10. d4 Bb6 11. Re1 h6 12. Bxf6 Qxf6 13. d5 Nb8 14. Bxd7 Nxd7 15. Nbd2 Nc5 16. Nc4 Qg6 17. Nxb6 axb6 18. Nh4 Qg5 19. Qg4 Nd3 20. Re2 Nc1 21. Re1 Qxg4 22. hxg4 Nxa2 23. Nf3 Ra7 24. Nd2 Rfa8 25. Nb3 b5 26. Kf1 c6 27. dxc6 bxc6 28. Red1 d5 29. exd5 cxd5 30. Rxd5 Nxc3 31. Rxa7 Rxa7 32. bxc3 Ra3 33. Rxb5 e4 34. Ke2 Ra2+ 35. Ke3 Rc2 36. Rc5 Kf8 37. Nd2 Ke7 38. Nxe4 Ra2 39. Rd5 Ra3 40. Rd3 Ra4 41. Rd7+ Ke8 42. Rb7 Ra6 43. Kd4 Rg6 44. f3 h5 45. gxh5 Rxg2 46. Nd6+ Kd8 47. Rxf7 Rd2+ 48. Ke5 Rh2 49. Rf5 Kd7 50. Ne4 Rh3 51. Rf7+ Kc6 52. Rxg7 Rxh5+ 53. Rg5 Rh3 54. f4 Kd7 55. c4 Rh1 56. c5 Re1 57. f5 Ke7 58. f6+ Ke8 59. Rg7 Kf8 60. c6 1-0

[Event "Osijek op"]
[Site "Osijek"]
[Date "2015.03.06"]
[Round "4"]
[White "Lovakovic, Franjo"]
[Black "Mican, Mato"]
[Result "1-0"]
[WhiteElo "1894"]
[BlackElo "1676"]
[PlyCount "181"]
[EventDate "2015.03.05"]
[EventType "swiss"]
[EventRounds "7"]
[EventCountry "CRO"]
[SourceTitle "CBM 165 Extra"]
[Source "ChessBase"]
[SourceDate "2015.04.21"]
[SourceVersion "1"]
[SourceVersionDate "2015.04.21"]
[SourceQuality "1"]

1. e4 e5 2. Nf3 Nc6 3. Bb5 Nf6 4. 0-0 Be7 5. Bxc6 dxc6 6. Nxe5 Nxe4 7. Re1 Nf6 8. Qe2 Be6 9. d3 0-0 10. Nxf7 Bxf7 11. Qxe7 Re8 12. Qxd8 Raxd8 13. Rxe8+ Rxe8 14. Kf1 Nd5 15. Bd2 Bh5 16. f3 Bg6 17. Na3 b5 18. Re1 Kf7 19. Rxe8 Kxe8 20. Ke2 a6 21. c4 Nb6 22. Ba5 Na4 23. Bc3 Nc5 24. cxb5 cxb5 25. d4 Na4 26. Kd2 Nb6 27. Kc1 Nd5 28. Bd2 Ke7 29. Nc2 Ke6 30. a3 h5 31. h3 Bd3 32. h4 Bf1 33. Ne1 Kf5 34. g3 c6 35. Bg5 Bc4 36. Kd2 Nc7 37. Nc2 Nd5 38. Bd8 Bf1 39. Ba5 Ke6 40. Ne1 Bh3 41. Nd3 Kd6 42. Nc5 Bc8 43. Ne4+ Ke7 44. Ke2 Nf6 45. Ng5 Nd5 46. Bb4+ Kf6 47. Ne4+ Ke6 48. Bd2 Nf6 49. Nc5+ Kd5 50. Kd3 Nd7 51. Ne4 Ke6 52. Bf4 Nf6 53. Nc5+ Kf7 54. Be5 Nd5 55. Ne4 Bf5 56. Kd2 Bd7 57. Kd3 g6 58. Ke2 Ke7 59. Nf2 Kf7 60. g4 hxg4 61. fxg4 Nb6 62. Kd3 Nd5 63. h5 gxh5 64. gxh5 Bf5+ 65. Kd2 a5 66. Nd3 a4 67. Nc5 Ne7 68. Ke3 Bg4 69. h6 Kg6 70. Kf4 Bh3 71. Bg7 Ng8 72. Ke5 Nxh6 73. Bxh6 Kxh6 74. Kd6 Bg2 75. Nd3 Kg7 76. Nb4 Kf7 77. Nxc6 Kf6 78. Na7 Bf1 79. Kc5 Ke6 80. d5+ Ke5 81. Nc6+ Kf6 82. Nd4 Ke5 83. d6 Kf6 84. Nxb5 Ke6 85. Nd4+ Kd7 86. Nc6 Be2 87. Ne5+ Kd8 88. Kc6 Bf1 89. Nf7+ Ke8 90. d7+ Kxf7 91. d8Q 1-0

[Event "Bosnjaci op 20th"]
[Site "Bosnjaci"]
[Date "2015.01.09"]
[Round "9"]
[White "Spoljar, Zvonimir"]
[Black "Mican, Mato"]
[Result "0-1"]
[WhiteElo "1785"]
[BlackElo "1689"]
[PlyCount "34"]
[EventDate "2015.01.03"]
[EventType "swiss"]
[EventRounds "9"]
[EventCountry "CRO"]
[SourceTitle "CBM 164 Extra"]
[Source "ChessBase"]
[SourceDate "2015.03.02"]
[SourceVersion "1"]
[SourceVersionDate "2015.03.02"]
[SourceQuality "1"]

1. d4 d5 2. c4 e6 3. Nc3 Nf6 4. cxd5 exd5 5. Bg5 Be7 6. e3 Bf5 7. Qb3 Nbd7 8. Nxd5 Nxd5 9. Qxd5 Bb4+ 10. Kd1 Qxg5 11. Qxb7 Rb8 12. Qxc7 0-0 13. Nf3 Qg6 14. Nh4 Qh5+ 15. Nf3 Rfc8 16. Qxa7 Bc2+ 17. Ke2 Qb5# 0-1

[Event "Gunja active op"]
[Site "Gunja"]
[Date "2014.09.14"]
[Round "1"]
[White "Brkic, Ante"]
[Black "Mican, Mato"]
[Result "1-0"]
[WhiteElo "2600"]
[BlackElo "1689"]
[PlyCount "59"]
[EventDate "2014.09.14"]
[EventType "swiss"]
[EventRounds "9"]
[EventCountry "CRO"]
[SourceTitle "EXT 2016"]
[Source "ChessBase"]
[SourceDate "2015.10.08"]
[SourceVersion "1"]
[SourceVersionDate "2015.10.08"]
[SourceQuality "1"]

1. e4 e5 2. Nf3 Nc6 3. Bc4 Bc5 4. 0-0 Nf6 5. d3 d6 6. c3 h6 7. Bb3 0-0 8. h3 Bd7 9. Re1 a6 10. Nbd2 Be6 11. Bc2 Nh7 12. Nf1 Ba7 13. Ng3 Qf6 14. Nh5 Qe7 15. d4 exd4 16. cxd4 Nb4 17. Bb1 a5 18. a3 Na6 19. Qd3 g6 20. Nf4 Kg7 21. Bd2 Nf6 22. e5 Nd5 23. Nxg6 fxg6 24. Qxg6+ Kh8 25. exd6 cxd6 26. Rxe6 Qg7 27. Qxg7+ Kxg7 28. Bxh6+ Kg8 29. Be4 Nac7 30. Rg6+ 1-0

[Event "CRO-ch U13"]
[Site "Kastel Stafilic"]
[Date "2014.06.27"]
[Round "9"]
[White "Mican, Mato"]
[Black "Ivekovic, Stjepan"]
[Result "0-1"]
[WhiteElo "1716"]
[BlackElo "1640"]
[PlyCount "92"]
[EventDate "2014.06.22"]
[EventType "swiss"]
[EventRounds "9"]
[EventCountry "CRO"]
[SourceTitle "CBM 161 Extra"]
[Source "ChessBase"]
[SourceDate "2014.08.29"]
[SourceVersion "1"]
[SourceVersionDate "2014.08.29"]
[SourceQuality "1"]

1. e4 c5 2. Nf3 Nc6 3. d4 cxd4 4. Nxd4 Nf6 5. Nc3 d6 6. Be3 Ng4 7. Nxc6 bxc6 8. Bc1 Qb6 9. Qd2 g6 10. h3 Nf6 11. Bc4 Bg7 12. 0-0 0-0 13. Qe3 Qxe3 14. Bxe3 e6 15. Bd4 d5 16. exd5 cxd5 17. Bb5 a6 18. Bc6 Rb8 19. Bc5 Rxb2 20. Bxf8 Bxf8 21. Ba4 Rb7 22. Ne2 Bc5 23. Ng3 Rb4 24. Bb3 Kg7 25. c3 Rb7 26. Rab1 Rc7 27. Bc2 Ba7 28. Rb3 Bb7 29. Bd3 Bc8 30. Rc1 Nd7 31. c4 Ne5 32. Ne2 dxc4 33. Bxc4 Rxc4 34. Rxc4 Nxc4 35. Rc3 Nd6 36. Rc6 Bb8 37. Rb6 Bb7 38. Nc3 Bc7 39. Rb2 Ba5 40. Ne2 Bd5 41. Nc1 Nb5 42. Rc2 Nd4 43. Rc5 Bb4 44. Rc7 Ba3 45. f3 Bxc1 46. Rxc1 Ne2+ 0-1

[Event "Osijek-Baranja op U16 15th"]
[Site "Nasice"]
[Date "2014.01.12"]
[Round "8.1"]
[White "Mican, Mato"]
[Black "Kulenovic, Domagoj"]
[Result "1-0"]
[WhiteElo "1716"]
[BlackElo "1658"]
[PlyCount "47"]
[EventDate "2014.01.10"]
[EventType "swiss"]
[EventRounds "9"]
[EventCountry "CRO"]
[SourceTitle "EXT 2023"]
[Source "ChessBase"]
[SourceDate "2022.10.05"]
[SourceVersion "1"]
[SourceVersionDate "2022.10.05"]
[SourceQuality "1"]

1. e4 d6 2. Nf3 Nf6 3. Nc3 g6 4. Bc4 Bg7 5. d3 0-0 6. Be3 Nbd7 7. 0-0 c6 8. Rb1 b5 9. Bb3 a5 10. a4 b4 11. Ne2 e6 12. Bg5 Ng4 13. Bxd8 Rxd8 14. h3 Nge5 15. Nxe5 dxe5 16. Ng3 Nc5 17. Qe2 Nxb3 18. cxb3 Ba6 19. Rfd1 Rd6 20. Qe3 Rad8 21. Rd2 Rxd3 22. Rxd3 Rxd3 23. Qb6 Bf6 24. Qxa6 1-0

[Event "Osijek-Baranja op U16 15th"]
[Site "Nasice"]
[Date "2014.01.11"]
[Round "6.2"]
[White "Mican, Mato"]
[Black "Jovanovic, Veljko"]
[Result "1-0"]
[WhiteElo "1716"]
[BlackElo "1722"]
[PlyCount "37"]
[EventDate "2014.01.10"]
[EventType "swiss"]
[EventRounds "9"]
[EventCountry "CRO"]
[SourceTitle "EXT 2023"]
[Source "ChessBase"]
[SourceDate "2022.10.05"]
[SourceVersion "1"]
[SourceVersionDate "2022.10.05"]
[SourceQuality "1"]

1. e4 e5 2. Nf3 Nc6 3. Bc4 Be7 4. Nc3 h6 5. 0-0 Nf6 6. d3 Bb4 7. Bd2 d6 8. h3 0-0 9. a3 Bxc3 10. Bxc3 a6 11. Nh2 Nd7 12. f4 Qe7 13. f5 Qf6 14. Bd2 b5 15. Ba2 Nb6 16. Qh5 Kh8 17. Ng4 Qe7 18. f6 Bxg4 19. hxg4 1-0

[Event "Wch U12"]
[Site "Al Ain"]
[Date "2013.12.28"]
[Round "11"]
[White "Mican, Mato"]
[Black "Hsu, Hsuan Ming"]
[Result "1/2-1/2"]
[WhiteElo "1801"]
[BlackElo "1454"]
[PlyCount "46"]
[EventDate "2013.12.18"]
[EventType "swiss"]
[EventRounds "11"]
[EventCountry "UAE"]
[SourceTitle "CBM 158 Extra"]
[Source "ChessBase"]
[SourceDate "2014.02.28"]
[SourceVersion "1"]
[SourceVersionDate "2014.02.28"]
[SourceQuality "1"]

1. e4 e5 2. Nf3 d5 3. exd5 Qxd5 4. Nc3 Qa5 5. Bc4 Be7 6. d3 h6 7. Bd2 c6 8. h3 Nd7 9. Nd5 Qd8 10. Nxe7 Nxe7 11. 0-0 0-0 12. Bc3 Ng6 13. Re1 Re8 14. Nh2 b5 15. Bb3 Nc5 16. Qf3 Nxb3 17. axb3 Qd5 18. Qg3 Bf5 19. Ng4 Bxg4 20. Qxg4 Qe6 21. Qg3 Qf5 22. Bd2 Kh7 23. Re4 f6 1/2-1/2

[Event "Wch U12"]
[Site "Al Ain"]
[Date "2013.12.21"]
[Round "5"]
[White "Petersson, Baldur Teodor"]
[Black "Mican, Mato"]
[Result "1/2-1/2"]
[WhiteElo "1620"]
[BlackElo "1801"]
[PlyCount "46"]
[EventDate "2013.12.18"]
[EventType "swiss"]
[EventRounds "11"]
[EventCountry "UAE"]
[SourceTitle "CBM 158 Extra"]
[Source "ChessBase"]
[SourceDate "2014.02.28"]
[SourceVersion "1"]
[SourceVersionDate "2014.02.28"]
[SourceQuality "1"]

1. e4 e5 2. Nf3 Nc6 3. Bc4 Bc5 4. c3 Nf6 5. d4 exd4 6. cxd4 Bb4+ 7. Nc3 d6 8. 0-0 h6 9. h3 0-0 10. Qc2 Bd7 11. Be3 Bxc3 12. bxc3 a6 13. Rad1 Qe7 14. Rfe1 Qxe4 15. Bd3 Qd5 16. c4 Qa5 17. Bd2 Qb6 18. d5 Nd4 19. Nxd4 Qxd4 20. Bxh6 Qh4 21. Bc1 Rfe8 22. Bb2 Qg5 23. Kh1 Qh4 1/2-1/2

[Event "CRO-ch U17"]
[Site "Vukovar"]
[Date "2013.07.27"]
[Round "8"]
[White "Sokac, Marko"]
[Black "Mican, Mato"]
[Result "1-0"]
[WhiteElo "2043"]
[BlackElo "1827"]
[PlyCount "71"]
[EventDate "2013.07.22"]
[EventType "swiss"]
[EventRounds "9"]
[EventCountry "CRO"]
[SourceTitle "EXT 2014"]
[Source "ChessBase"]
[SourceDate "2013.11.20"]
[SourceVersion "1"]
[SourceVersionDate "2013.11.20"]
[SourceQuality "1"]

1. e4 e5 2. Nf3 Nc6 3. Bb5 Bc5 4. c3 Nge7 5. d4 exd4 6. cxd4 Bb4+ 7. Kf1 a6 8. Bxc6 dxc6 9. Qa4 Bd6 10. e5 b5 11. Qa5 Ng6 12. exd6 Qxd6 13. Qa3 b4 14. Qe3+ Be6 15. Ng5 0-0 16. Nxe6 fxe6 17. Nd2 Qd5 18. Qe4 Qb5+ 19. Qe2 Qd5 20. Nf3 h6 21. Be3 a5 22. Rc1 Qxa2 23. Rxc6 Rfc8 24. Qc4 Qxc4+ 25. Rxc4 b3 26. Ke2 Ra6 27. Rhc1 Ra7 28. d5 exd5 29. Rc6 d4 30. Nxd4 Ne5 31. Re6 Ng4 32. Nf5 Nxe3 33. Ne7+ Kf8 34. Nxc8 Ra8 35. Rxe3 Rxc8 36. Rxb3 1-0

[Event "CRO-ch U17"]
[Site "Vukovar"]
[Date "2013.07.25"]
[Round "6"]
[White "Pavcevic, Bruno"]
[Black "Mican, Mato"]
[Result "1-0"]
[WhiteElo "1934"]
[BlackElo "1827"]
[PlyCount "141"]
[EventDate "2013.07.22"]
[EventType "swiss"]
[EventRounds "9"]
[EventCountry "CRO"]
[SourceTitle "EXT 2014"]
[Source "ChessBase"]
[SourceDate "2013.11.20"]
[SourceVersion "1"]
[SourceVersionDate "2013.11.20"]
[SourceQuality "1"]

1. e4 e5 2. Nf3 Nc6 3. Bc4 Bc5 4. c3 Nf6 5. d3 d6 6. Bb3 h6 7. Nbd2 0-0 8. h3 Be6 9. Bc2 d5 10. Qe2 dxe4 11. dxe4 Qe7 12. Nf1 Rad8 13. Ng3 a6 14. 0-0 Rd7 15. Nh4 Nh7 16. Nhf5 Bxf5 17. Nxf5 Qf6 18. Qg4 Kh8 19. Nxh6 Rdd8 20. Nf5 Ne7 21. b4 Nxf5 22. bxc5 Ne7 23. Rb1 Qc6 24. Be3 Nc8 25. f4 f6 26. fxe5 fxe5 27. Rf5 Rxf5 28. exf5 b6 29. Qh4 Qf6 30. Qxf6 gxf6 31. cxb6 cxb6 32. Bxb6 Nxb6 33. Rxb6 a5 34. Bb3 Rc8 35. c4 a4 36. Bxa4 Rxc4 37. Bb3 Rf4 38. Rb8+ Kg7 39. Rg8+ Kh6 40. Rg6+ Kh5 41. g4+ Kh4 42. Rh6+ Kg3 43. Rxh7 e4 44. Re7 Kxh3 45. Bd1 Kg3 46. a4 Rf2 47. Rxe4 Rd2 48. Re3+ Kf4 49. Rf3+ Kg5 50. Rf1 Ra2 51. Bf3 Rxa4 52. Kg2 Kh6 53. Kg3 Rd4 54. Rd1 Rb4 55. Rd6 Kg7 56. Rd7+ Kf8 57. Bd5 Ke8 58. Rf7 Rd4 59. Be6 Rd3+ 60. Kh4 Rd1 61. Rxf6 Rh1+ 62. Kg5 Ke7 63. Rf7+ Ke8 64. Kg6 Rg1 65. g5 Rh1 66. Rh7 Re1 67. Kf6 Kd8 68. Rh8+ Kc7 69. g6 Rg1 70. g7 Rxg7 71. Kxg7 1-0

[Event "CRO-ch U17"]
[Site "Vukovar"]
[Date "2013.07.23"]
[Round "2"]
[White "Vucic, Mihovil"]
[Black "Mican, Mato"]
[Result "1-0"]
[WhiteElo "2062"]
[BlackElo "1827"]
[PlyCount "41"]
[EventDate "2013.07.22"]
[EventType "swiss"]
[EventRounds "9"]
[EventCountry "CRO"]
[SourceTitle "EXT 2014"]
[Source "ChessBase"]
[SourceDate "2013.11.20"]
[SourceVersion "1"]
[SourceVersionDate "2013.11.20"]
[SourceQuality "1"]

1. e4 e5 2. Nf3 Nc6 3. Bc4 Bc5 4. c3 Nf6 5. d4 exd4 6. cxd4 Bb4+ 7. Bd2 Bxd2+ 8. Nbxd2 d5 9. exd5 Nxd5 10. Qb3 Na5 11. Qa4+ c6 12. Bxd5 Qxd5 13. 0-0 0-0 14. Rac1 b6 15. b4 Nb7 16. Qxc6 Qxa2 17. d5 Qa3 18. Rc4 Rd8 19. Re1 Kf8 20. Rce4 g6 21. Qf6 1-0